| 000 | 00681nam a2200217Ia 4500 | ||
|---|---|---|---|
| 001 | 16046 | ||
| 003 | GE_BSU | ||
| 008 | 181216s||||||||xx |||||||||||||| ||und|| | ||
| 040 | _cGE_BSU | ||
| 100 | _aჯავახაძე, ვახტანგ | ||
| 245 | _aერთტომეული | ||
| 245 | _bლექსები | ||
| 245 | _cრედ.ლ.ნანიტაშვილი.მხ. ნ.ჭურღულია | ||
| 260 | _aთბილისი | ||
| 260 | _bსაბჭ. საქართველო | ||
| 260 | _c1982 | ||
| 300 | _a383გვ. ; 21სმ. | ||
| 653 | _aერთტომეული | ||
| 653 | _aლექსები | ||
| 942 | _cBK | ||
| 999 |
_c49136 _d49136 |
||